[Event "Rilton Cup 97/98"]
[Site "Stockholm"]
[Date "1998.??.??"]
[Round "4"]
[White "David, Alberto"]
[Black "Sanden, Stefan"]
[Result "1-0"]
[WhiteElo "2460"]
[BlackElo "2330"]

1.e4 c5 2.Nf3 e6 3.Nc3 Nc6 4.d4 cxd4 5.Nxd4 d6 6.Be2 Nf6 7.O-O Be7 8.Kh1 O-O
9.f4 Qc7 10.Be3 a6 11.a4 Bd7 12.Nb3 b6 13.Bf3 Rab8 14.g4 Bc8 15.g5 Nd7 16.Bg2 Na5
17.Qe2 Nc4 18.Bc1 b5 19.axb5 axb5 20.Nd4 b4 21.Ncb5 Qc5 22.b3 Na3 23.Nxa3 Qxd4
24.Be3 Ba6 25.Nc4 Bxc4 26.bxc4 Qc3 27.Ra7 Rfd8 28.Rd1 b3 29.cxb3 Rxb3 30.Bd4 Qb4
31.Qf1 Qb8 32.h4 Rb7 33.Rxb7 Qxb7 34.e5 Qc7 35.exd6 Bxd6 36.f5 e5 37.Bg1 Nc5
38.Bd5 Kh8 39.h5 e4 40.h6 f6 41.gxf6  1-0

[Event "Rilton Cup 97/98"]
[Site "Stockholm"]
[Date "1998.??.??"]
[Round "6"]
[White "Hector, Jonny"]
[Black "Matros, Alexander"]
[Result "1-0"]
[WhiteElo "2470"]
[BlackElo "2395"]

1.e4 c5 2.Nf3 Nc6 3.Nc3 e6 4.d4 cxd4 5.Nxd4 Qc7 6.Be3 a6 7.Bd3 Nf6 8.O-O Ne5
9.h3 Bc5 10.Kh1 d6 11.f4 Ng6 12.Qd2 O-O 13.Rae1 b5 14.a3 Qb6 15.e5 Nh5 16.Nce2 dxe5
17.fxe5 Bxd4 18.Bxd4 Ng3+ 19.Nxg3 Qxd4 20.Ne4 Qxb2 21.Nf6+ Kh8 22.Nxh7 Kxh7
23.Bxg6+ fxg6 24.Rxf8 Bb7 25.Rxa8 Bxa8 26.Re3 Bd5 27.Kh2 a5 28.Qd3 b4 29.axb4 axb4
30.h4 b3 31.h5 Kg8 32.Qb5 Qxc2 33.Qe8+ Kh7 34.hxg6+ Kh6 35.Rg3  1-0

[Event "Rilton Cup 97/98"]
[Site "Stockholm"]
[Date "1998.??.??"]
[Round "7"]
[White "Couso, Luis"]
[Black "Taimanov, Mark E"]
[Result "1-0"]
[WhiteElo "2240"]
[BlackElo "2425"]

1.e4 c5 2.Nf3 e6 3.d4 cxd4 4.Nxd4 Nc6 5.Nc3 a6 6.Be3 Nge7 7.Be2 Nxd4 8.Qxd4 b5
9.O-O Nc6 10.Qd2 Be7 11.f4 O-O 12.Rad1 d6 13.Bf3 Bb7 14.Qf2 Qc8 15.a4 b4
16.Ne2 Qe8 17.Ng3 Rc8 18.b3 Rc7 19.Rd2 Qa8 20.Bb6 Rcc8 21.Re1 Qb8 22.e5 dxe5
23.fxe5 Nd8 24.Ne4 Bxe4 25.Bxe4 Qxb6 26.Qxb6 Bc5+ 27.Qxc5 Rxc5 28.Rd6 f5
29.exf6 gxf6 30.Rxa6 Re5 31.Kf1 Nf7 32.Bd3 Rxe1+ 33.Kxe1 Ne5 34.Rxe6 Rd8
35.Rb6 Kf7 36.a5 Rd5 37.Bb5 Rc5 38.a6  1-0

[Event "SVK-chT1W 9798"]
[Site "SVK"]
[Date "1998.??.??"]
[Round "?"]
[White "Cvicela, Anton"]
[Black "Farkas, Juraj Jr"]
[Result "1-0"]
[WhiteElo "2125"]
[BlackElo "1760"]

1.e4 c5 2.Nf3 Nc6 3.d4 cxd4 4.Nxd4 e6 5.Nc3 d6 6.g4 Be7 7.Be3 Bf6 8.Ndb5 Bxc3+
9.bxc3 d5 10.exd5 exd5 11.Bf4 Qe7+ 12.Be2 Nf6 13.Nc7+ Kf8 14.g5 Nh5 15.Nxd5 Qe4
16.Bd6+ Kg8 17.O-O Nf6 18.gxf6 Bh3 19.Bf3 Qg6+ 20.Kh1 Bxf1 21.Qd2 Rd8 22.Be5 Rxd5
23.Qxd5 gxf6 24.Rxf1 Kf8 25.Qd6+ Kg7 26.Bxf6+  1-0

[Event "SVK-chT1E 9899"]
[Site "SVK"]
[Date "1998.??.??"]
[Round "1"]
[White "Hagarova, Zuzana"]
[Black "Dovzik, Juri"]
[Result "1-0"]
[WhiteElo "2305"]
[BlackElo "2375"]

1.e4 c5 2.Nf3 e6 3.d4 cxd4 4.Nxd4 Nc6 5.Nc3 Qc7 6.f4 a6 7.Nxc6 Qxc6 8.Bd3 b5
9.O-O Bb7 10.Qe2 Nf6 11.a3 h5 12.e5 Ng4 13.Be4 Qb6+ 14.Kh1 d5 15.exd6 Bxd6
16.Bxb7 Qxb7 17.Ne4 Be7 18.Bd2 O-O-O 19.Bc3 Bf6 20.a4 Bxc3 21.bxc3 Nf6 22.Ng5 Rd5
23.axb5 Rxb5 24.Nxf7 Qxf7 25.Rxa6 Qb7 26.Qxe6+ Nd7 27.Rc6+ Kd8 28.Re1 Nb6
29.Rd1+ Nd7 30.Rcd6  1-0

[Event "SVK-chT1E 9899"]
[Site "SVK"]
[Date "1998.??.??"]
[Round "2"]
[White "Durik, Peter"]
[Black "Bakalar, Jan"]
[Result "1/2-1/2"]
[WhiteElo "2155"]
[BlackElo "2105"]

1.e4 c5 2.Nf3 e6 3.d4 cxd4 4.Nxd4 Nc6 5.Nc3 Qc7 6.a3 a6 7.Nb3 Nf6 8.f4 d6
9.Be3 b5 10.Be2 Bb7 11.O-O Be7 12.Bf3 O-O 13.Qd2 Nd7 14.Rad1 Nb6 15.Bxb6 Qxb6+
16.Kh1 Rad8 17.Qe2 Bf6 18.Rd3 a5 19.e5 dxe5 20.Bxc6 Rxd3 21.cxd3 Bxc6 22.fxe5 Be7
23.Ne4 Bxe4 24.Qxe4 Rd8 25.Qf3 f5 26.exf6 Bxf6 27.Nd2 Rf8 28.Ne4 Be7 29.Qe2 Rxf1+
30.Qxf1  1/2-1/2

[Event "SVK-chT 9798"]
[Site "SVK"]
[Date "1998.??.??"]
[Round "7"]
[White "Chmelik, Lukas"]
[Black "Ciganikova, Andrea"]
[Result "1-0"]
[WhiteElo "2255"]
[BlackElo "2160"]

1.e4 c5 2.Nf3 e6 3.Nc3 Nc6 4.d4 cxd4 5.Nxd4 Nf6 6.Ndb5 Bb4 7.Nd6+ Kf8 8.Be2 Qe7
9.Bf4 e5 10.Nf5 Bxc3+ 11.bxc3 Qc5 12.Be3 Qxc3+ 13.Bd2 Qc5 14.O-O d5 15.exd5 Bxf5
16.dxc6 Qxc6 17.c4 h5 18.Bc3 Re8 19.f4 e4 20.Rb1 h4 21.Rb5 Be6 22.Rg5 Rh6
23.Qd4 Rc8 24.Rb1 b6 25.Bb4+ Kg8 26.Be7 Kh7 27.Rc1 Rc7 28.Bf8 Rg6 29.Rxg6 fxg6
30.Qe5 h3 31.Bd6 Rd7 32.Qxe6 Qxd6 33.Qxh3+ Kg8 34.Rd1 Qc5+ 35.Kf1 Rxd1+ 36.Bxd1 Qxc4+
37.Ke1 Qb4+ 38.Kf1 Qc4+ 39.Ke1 Qb4+ 40.Kf1 Qb5+ 41.Kf2 Qb2+ 42.Be2 Kf7 43.Qb3+ Qxb3
44.axb3 Nd5 45.g3 Ke6 46.Bb5 Nf6 47.Ke3 Kd5 48.Bc4+ Kc5 49.Bf7 Kb4 50.h3 a5
51.g4 Nd7 52.h4 Nc5 53.Bxg6 Nxb3 54.Bxe4 a4 55.h5 a3 56.Bb1 Nc5 57.g5 Nd7
58.Ba2 Kc3 59.f5 Kb2 60.f6 gxf6 61.g6 f5 62.g7 Nf6 63.g8=Q Nxg8 64.Bxg8  1-0

[Event "SVK-chT 9798"]
[Site "SVK"]
[Date "1998.??.??"]
[Round "7"]
[White "Franzen, Josef"]
[Black "Dudas, Jan"]
[Result "1-0"]
[WhiteElo "2310"]
[BlackElo "2320"]

1.e4 c5 2.Nf3 e6 3.d4 cxd4 4.Nxd4 Nc6 5.Nc3 Qc7 6.g3 a6 7.Bg2 Nf6 8.O-O Be7
9.Nde2 O-O 10.h3 b5 11.a3 Bb7 12.Be3 Ne5 13.b3 d6 14.Qd4 Ned7 15.g4 Nc5 16.Ng3 Nfd7
17.Qd2 Rac8 18.Rac1 Nf6 19.g5 Ne8 20.f4 f6 21.h4 fxg5 22.hxg5 Rd8 23.Rcd1 Qc6
24.f5 Nc7 25.fxe6 Rxf1+ 26.Rxf1 N5xe6 27.Nd5 Bf8 28.Nf5 Qe8 29.Nh6+ Kh8 30.Nf7+ Kg8
31.Nxd8 Qxd8 32.Bb6 Qb8 33.Nxc7 Nxc7 34.Qf2  1-0

[Event "SVK-chT 9798"]
[Site "SVK"]
[Date "1998.??.??"]
[Round "8"]
[White "Felcir, Jaroslav"]
[Black "Dovzik, Juri"]
[Result "0-1"]
[WhiteElo "2175"]
[BlackElo "2375"]

1.e4 c5 2.Nf3 e6 3.Nc3 Nc6 4.d4 cxd4 5.Nxd4 Qc7 6.a3 a6 7.Be2 Nf6 8.O-O Nxd4
9.Qxd4 Bc5 10.Qd3 b5 11.Bf3 Rb8 12.Re1 Bd6 13.g3 Be5 14.Ne2 Bb7 15.Bf4 Bxf4
16.Nxf4 e5 17.Ng2 O-O 18.Ne3 Rfd8 19.Rad1 d6 20.c3 g6 21.Bg2 Kg7 22.Re2 Bc8
23.Red2 Be6 24.Qc2 Qc5 25.Bf1 Qc6 26.Bg2 Rbc8 27.Nd5 Bxd5 28.exd5 Qb6 29.Bh3 Rc5
30.a4 b4  0-1

[Event "SVE-chT 9798"]
[Site "Sweden"]
[Date "1998.??.??"]
[Round "9"]
[White "Kinnmark, Ove"]
[Black "Sjoberg, Mats"]
[Result "1/2-1/2"]
[WhiteElo "2365"]
[BlackElo "2410"]

1.e4 c5 2.Nf3 e6 3.d4 cxd4 4.Nxd4 Nc6 5.Nc3 Qc7 6.g3 a6 7.Bg2 Nf6 8.O-O Bc5
9.Nxc6 dxc6 10.Qe2 e5 11.Be3 Bg4 12.f3 Qb6 13.Bxc5 Qxc5+ 14.Qf2  1/2-1/2

[Event "Szeged TT04 IM"]
[Site "Szeged"]
[Date "1998.??.??"]
[Round "6"]
[White "Bernat, Robert"]
[Black "Dovzik, Juri"]
[Result "0-1"]
[WhiteElo "2140"]
[BlackElo "2375"]

1.e4 c5 2.Nf3 e6 3.d4 cxd4 4.Nxd4 Nc6 5.Nc3 Qc7 6.Be2 a6 7.O-O Nf6 8.Kh1 Nxd4
9.Qxd4 Bc5 10.Qd3 O-O 11.Bg5 Be7 12.f4 d6 13.Rae1 b5 14.e5 Ne8 15.Bxe7 Qxe7
16.Bf3 Ra7 17.Ne4 dxe5 18.fxe5 Rd7 19.Qe3 Rc7 20.Bd1 Bb7 21.c3 Bxe4 22.Qxe4 Rc4
23.Qe3 Nc7 24.Bb3 Nd5 25.Qf2 Rf4 26.Qe2 Rxf1+ 27.Rxf1 Qc5 28.Qf2 Qxf2 29.Rxf2 Rd8
30.Rd2 Kf8 31.Kg1 Ke7 32.Kf2 a5 33.a3 Rd7 34.Kf3 h6 35.Rd4 Nb6 36.Ke4 Rc7
37.Rd6 Nd7 38.Kf4 g5+ 39.Kg3 a4 40.Bc2 Nxe5 41.Rb6 Rc5 42.Bd1 Nc4 43.Rb7+ Kf6
44.Bh5 Nxb2 45.Rxf7+ Ke5 46.Rb7 Rxc3+ 47.Bf3 Rb3 48.Kg4 Nc4 49.Kh5 Nxa3 50.Kxh6 Kf6
51.Bh5 Nc4 52.g4 Rh3 53.Rxb5 Ne5 54.Rb4 a3  0-1

[Event "Szeged TT04 IM"]
[Site "Szeged"]
[Date "1998.??.??"]
[Round "8"]
[White "Nanu, Ciprian"]
[Black "Dovzik, Juri"]
[Result "0-1"]
[WhiteElo "2325"]
[BlackElo "2375"]

1.e4 c5 2.Nf3 e6 3.d4 cxd4 4.Nxd4 Nc6 5.Nc3 Qc7 6.Be2 a6 7.O-O Nf6 8.Be3 Bb4
9.Na4 Be7 10.Nxc6 bxc6 11.Nb6 Rb8 12.Nxc8 Qxc8 13.e5 Nd5 14.Bc1 Bc5 15.Qd3 O-O
16.c3 a5 17.a3 Qc7 18.b4 axb4 19.axb4 Bb6 20.Qg3 Ne7 21.Bd3 Ng6 22.Bxg6 fxg6
23.Be3 Rf5 24.Bxb6 Qxb6 25.Rad1 Rb7 26.Rd4 Qb5 27.Re1 c5 28.Rde4 cxb4 29.cxb4 g5
30.h4 h6 31.Qe3 gxh4 32.Rxh4 Qc6 33.Rg4 Qb6 34.Qxh6 Qxf2+ 35.Kh2 Rf7 36.Re3 Qf5
37.Qh4 Rb8 38.Qg3 Rb5 39.Rc3 Qxe5 40.Rc8+ Rf8 41.Qxe5 Rxe5 42.Rc7 Rd5 43.b5 Rb8
44.Rb4 Rb6 45.Ra4 Kf7 46.Raa7 Ke8 47.Rc8+ Ke7 48.Rg8 Rg5 49.Ra5 e5 50.Kg1 e4
51.Ra4 d5 52.Ra7+ Kd6 53.Rgxg7 Rxg7 54.Rxg7 Rxb5 55.g4 e3 56.Rg8 Rb1+  0-1

[Event "EST-chT"]
[Site "Tallinn"]
[Date "1998.??.??"]
[Round "4"]
[White "Narva, Regina R"]
[Black "Fomina, Tatyana"]
[Result "1/2-1/2"]
[WhiteElo "2065"]
[BlackElo "2240"]

1.e4 c5 2.Nf3 e6 3.Nc3 Nc6 4.d4 cxd4 5.Nxd4 Nxd4 6.Qxd4 Ne7 7.Be3 Nc6 8.Qd2 Bb4
9.Be2 O-O 10.O-O f5 11.exf5 Rxf5 12.Bd3 Rf7 13.a3 Be7 14.Ne4 d5 15.Ng5 Bxg5
16.Bxg5 Qd6 17.f4 Bd7 18.Bh4 Raf8 19.Bg3 Ne7 20.Rae1 Nf5 21.Bf2 a6 22.c3 Nh6
23.Bg3 Nf5 24.Bf2 g6 25.g3 Ba4 26.Re5 Rc7 27.Rfe1 Bd7 28.Qc2 b5 29.Bxf5 gxf5
30.Bd4 Rc4 31.Qe2 Rf6 32.Qh5 Rg6 33.Qh4 Qf8 34.Qh5 a5 35.Qf3 Qc8 36.R5e2 Kf7
37.Qe3 Qb8 38.Be5 Qb7 39.Bd4 Qb8 40.Be5 Qb7  1/2-1/2

[Event "EST-chT"]
[Site "Tallinn"]
[Date "1998.??.??"]
[Round "8"]
[White "Heuer, Valter"]
[Black "Kiik, Kalle"]
[Result "1/2-1/2"]
[WhiteElo "2305"]
[BlackElo "2445"]

1.e4 c5 2.Nf3 e6 3.d4 cxd4 4.Nxd4 Nc6 5.Nc3 d6 6.Be2 Nf6 7.O-O Be7 8.Be3 O-O
9.f4 e5 10.Nxc6 bxc6 11.fxe5 dxe5 12.Qxd8 Bxd8 13.Rad1 Be7 14.h3 Be6 15.Bg5 Rfb8
16.Bxf6 Bxf6 17.b3 Be7 18.Na4 Rb4 19.c3 Rxe4 20.Bf3 Rf4 21.Bxc6 Rxf1+ 22.Kxf1 Rc8
23.Bd5 Rd8 24.c4 Bxd5 25.Rxd5 Rxd5 26.cxd5 f5 27.Nb2 Kf7 28.Nc4 Kf6 29.Na5 Bd6
30.Nc4 Ke7 31.a3 e4 32.b4 a6 33.Ke2 h5  1/2-1/2

[Event "EST-chT"]
[Site "Tallinn"]
[Date "1998.??.??"]
[Round "10"]
[White "Zavoronkov, Vladimir"]
[Black "Leito, Priit"]
[Result "1-0"]
[WhiteElo "2395"]
[BlackElo "2355"]

1.e4 c5 2.Nf3 e6 3.d4 cxd4 4.Nxd4 Nc6 5.Nc3 d6 6.Be2 Nf6 7.O-O Be7 8.Be3 O-O
9.f4 e5 10.Nb3 exf4 11.Bxf4 Be6 12.Kh1 d5 13.e5 Nd7 14.Nxd5 Ndxe5 15.Nxe7+ Qxe7
16.Qe1 f6 17.Qf2 Rad8 18.Bxe5 fxe5 19.Qe3 Bf5 20.c3 e4 21.Rad1 Rxd1 22.Rxd1 Rd8
23.Rxd8+ Qxd8 24.Kg1 b6 25.Qf4 Bg6 26.Nd2 Qe7 27.Nc4 Qc5+ 28.Kf1 h6 29.Nd6 Ne5
30.Nxe4 Bxe4 31.Qxe4 Qf8+ 32.Kg1 Qc5+ 33.Kf1 Qf8+ 34.Kg1 Qf6 35.Bd1 Kh8 36.Qd5 Nc6
37.Bc2 g6 38.Bb3 Ne7 39.Qd4 Qxd4+ 40.cxd4 Nf5 41.Bc2 Nxd4 42.Bxg6 Kg7 43.Be4 Kf6
44.Kf2 Ke5 45.Ke3 Ne6 46.Bf3 Nc5 47.Bc6 Kd6 48.Be8 Ke5 49.g3 Kd5 50.h4 Ke5
51.g4 Ne4 52.Bg6 Nc5 53.Bc2 Ne6 54.Bd1 Nc5 55.a4 Ne4 56.Bc2 Nd6 57.Bd3 Nf7
58.b3 Nd6 59.g5 hxg5 60.hxg5 Ne8 61.g6 Ng7 62.Bc4 Nf5+ 63.Kd3 Ng7 64.Bf7 Nh5
65.Kc4 Kd6 66.Kd4 Ng7  1-0

[Event "Tatry op"]
[Site "Tatranska Lomnica"]
[Date "1998.??.??"]
[Round "3"]
[White "Juricek, Stanislav"]
[Black "Bakalar, Jan"]
[Result "1/2-1/2"]
[WhiteElo "2270"]
[BlackElo "2125"]

1.e4 c5 2.Nc3 Nc6 3.Nge2 e6 4.d4 cxd4 5.Nxd4 Qc7 6.g3 a6 7.Bg2 Nf6 8.O-O Be7
9.Re1 d6 10.Nxc6 bxc6 11.Na4 e5 12.c4 O-O 13.Bg5 h6 14.Bxf6 Bxf6 15.c5 dxc5
16.Nxc5 Rd8 17.Qc2 Qa5 18.a3 Rd2 19.Qc1 Qd8 20.Rd1 Rxd1+ 21.Qxd1 Qb6 22.Qc2 Rb8
23.Na4 Qc7 24.Rd1 Be7 25.Bf1 Be6 26.Bc4 Bg4 27.Be2 Be6 28.Bc4 Bg4 29.Rd3 a5
30.Bd5 Rc8 31.Rc3 Bd7 32.Qb3 Be8 33.Qb6 Qxb6 34.Nxb6 Rb8 35.Bxc6 Rxb6 36.Bxe8 Rb8
37.Bd7 Rxb2 38.Rc8+ Bf8 39.a4 g6 40.Ra8 Rd2 41.Bc6 Rc2 42.Bd5 Kg7 43.Rxa5 Bc5
44.Bb3 Bxf2+ 45.Kf1 Bb6 46.Bxc2 Bxa5 47.Ke2 h5 48.h3 Kh6 49.Kf3 Kg5 50.Bb3 f5
51.Bf7 Be1 52.Be8 h4 53.gxh4+ Kxh4 54.Bxg6  1/2-1/2

[Event "Techirghiol op-A"]
[Site "Techirghiol"]
[Date "1998.??.??"]
[Round "?"]
[White "Fulop, Francisc"]
[Black "Parligras, Cosmin"]
[Result "1/2-1/2"]
[WhiteElo "2140"]
[BlackElo "2215"]

1.e4 c5 2.Nc3 e6 3.Nf3 Nc6 4.d4 cxd4 5.Nxd4 Bb4 6.Nb5 Nf6 7.a3 Bxc3+ 8.Nxc3 d5
9.exd5 Nxd5 10.Nxd5 exd5 11.Bd3 Qe7+ 12.Qe2 Qxe2+ 13.Kxe2 Nd4+ 14.Kd2 O-O
15.b3 Ne6 16.Re1 Nc5 17.Bb2 Nxd3 18.Kxd3 Bf5+ 19.Kd2 Rac8 20.Rac1 Rfe8 21.Rxe8+ Rxe8
22.Bd4 a6 23.c3  1/2-1/2

[Event "Tel Aviv sim"]
[Site "Tel Aviv"]
[Date "1998.??.??"]
[Round "7"]
[White "Lautier, Joel"]
[Black "Livshits, Gaby"]
[Result "0-1"]
[WhiteElo "2645"]
[BlackElo "2040"]

1.e4 c5 2.Nf3 e6 3.d4 cxd4 4.Nxd4 Nc6 5.Nc3 Qc7 6.g3 a6 7.Bg2 Nf6 8.O-O Nxd4
9.Qxd4 Bc5 10.Qd3 d6 11.h3 O-O 12.Bf4 Nd7 13.Na4 e5 14.Bd2 b5 15.Nxc5 dxc5
16.Rfd1 c4 17.Qe3 a5 18.b3 Nb6 19.Qe1 b4 20.c3 a4 21.bxc4 b3 22.axb3 axb3
23.Rxa8 Nxa8 24.Rb1 Qxc4 25.Bf1 Qa4 26.c4 Be6 27.Bb4 Rc8 28.Qc3 Nb6 29.Ra1 Qd7
30.c5 Na4 31.Qxe5 b2 32.Rb1 f6 33.Qh5 Ba2  0-1

[Event "ROM-chT"]
[Site "Timisu de Sus"]
[Date "1998.??.??"]
[Round "2"]
[White "Popescu, Daniel Dorin"]
[Black "Nisipeanu, Liviu Dieter"]
[Result "0-1"]
[WhiteElo "2365"]
[BlackElo "2575"]

1.e4 c5 2.Nf3 e6 3.Nc3 Nc6 4.d4 cxd4 5.Nxd4 Nf6 6.g3 Qb6 7.Nb3 Bb4 8.Bg2 Qa6
9.Bd2 O-O 10.a3 Be7 11.Qe2 Qxe2+ 12.Nxe2 d6 13.O-O Ne5 14.Bc3 Bd7 15.Ned4 Ba4
16.Nd2 Rfc8 17.Rfe1 Bd8 18.Rac1 Bb6 19.N2f3 Nfg4 20.Re2 Rc4 21.h3 Nf6 22.Rce1 Ned7
23.Nb3 Rac8 24.Nfd2 R4c7 25.Rc1 Rxc3 26.Kh2 Bb5 27.Re3 Bxe3 28.fxe3  0-1

[Event "ROM-chT"]
[Site "Timisu de Sus"]
[Date "1998.??.??"]
[Round "3"]
[White "Velcheva, Maria"]
[Black "Zatonskih, Anna"]
[Result "1/2-1/2"]
[WhiteElo "2330"]
[BlackElo "2320"]

1.e4 c5 2.Nf3 Nc6 3.Nc3 e6 4.d4 cxd4 5.Nxd4 Nf6 6.a3 Qc7 7.Be2 a6 8.O-O Nxd4
9.Qxd4 Bd6 10.Kh1 Be5 11.Qd3 b5 12.f4 Bxc3 13.bxc3 Bb7 14.e5 Ne4 15.Bf3 Nc5
16.Qd4 Rc8 17.c4 bxc4 18.Qxc4 O-O 19.Rb1 Bxf3 20.Rxf3 d5 21.exd6 Qxd6 22.Qe2 Rfd8
23.Rf1 f6 24.Be3 Ne4 25.Rb6 Qxa3 26.Rxe6 f5 27.Rxa6 Rxc2 28.Qxc2 Qxa6 29.Qb3+ Kh8
30.Rc1 h6 31.Rd1  1/2-1/2

[Event "RUS-Cup07"]
[Site "Tomsk"]
[Date "1998.??.??"]
[Round "5"]
[White "Belousov, Andrey"]
[Black "Zubar, Yuri"]
[Result "1-0"]
[WhiteElo "2225"]
[BlackElo "2235"]

1.e4 c5 2.Nf3 Nc6 3.Nc3 e6 4.d4 cxd4 5.Nxd4 Nf6 6.Be3 Bb4 7.Nxc6 Bxc3+ 8.bxc3 bxc6
9.Bd3 Qa5 10.O-O O-O 11.c4 d6 12.e5 Qxe5 13.Bd4 Qf4 14.g3 Qh6 15.h4 e5 16.Be3 Bg4
17.Bxh6 Bxd1 18.Bxg7 Kxg7 19.Rfxd1 Rab8 20.Rab1 Rfd8 21.Bf5 d5 22.cxd5 cxd5
23.Rb3 Rb6 24.Ra3 a6 25.Ra5 Rdd6 26.g4 Rb5 27.Ra4 Ne8 28.Kg2 Rc5 29.Rb1 Nc7
30.Rb8 Nb5 31.Ra5 e4 32.a4 Rxc2 33.axb5 axb5 34.g5  1-0

[Event "Trinec op9798"]
[Site "Trinec"]
[Date "1998.??.??"]
[Round "?"]
[White "Sikora, Jan"]
[Black "Orsag, Milan"]
[Result "0-1"]
[WhiteElo "2185"]
[BlackElo "2350"]

1.e4 c5 2.Nf3 e6 3.d4 cxd4 4.Nxd4 Nc6 5.Nc3 a6 6.Be3 d6 7.Qd2 Nf6 8.f3 Be7
9.O-O-O O-O 10.g4 Nxd4 11.Bxd4 b5 12.h4 Nd7 13.Kb1 Bb7 14.Be3 b4 15.Ne2 d5
16.Ng3 Qc7 17.Qg2 Bd6 18.Rg1 Nc5 19.exd5 Bxd5 20.Nf5 Be5 21.Bd4 exf5 22.gxf5 Rfd8
23.b3 Bxd4 24.Rxd4 Qe5 25.Rxd5 Qe1+ 26.Kb2 Qc3+ 27.Kb1 Rxd5 28.Bc4 Rd2  0-1

[Event "Trinec op9798"]
[Site "Trinec"]
[Date "1998.??.??"]
[Round "?"]
[White "Ciganikova, Andrea"]
[Black "Orsag, Milan"]
[Result "0-1"]
[WhiteElo "2140"]
[BlackElo "2350"]

1.e4 c5 2.Nf3 e6 3.d4 cxd4 4.Nxd4 Nc6 5.Nc3 d6 6.Be2 Nf6 7.Be3 Be7 8.O-O O-O
9.f4 a6 10.a4 Qc7 11.Bf3 Rb8 12.g4 Nxd4 13.Bxd4 e5 14.Bf2 exf4 15.g5 Nd7
16.Nd5 Qd8 17.h4 b5 18.a5 Ne5 19.Nxf4 f6 20.g6 hxg6 21.h5 g5 22.Ng6 Rf7 23.b3 Bh3
24.Bg2 Bg4 25.Nxe5 Bxd1 26.Nxf7 Kxf7 27.Raxd1 Qc8 28.c4 bxc4 29.bxc4 Rb2
30.Rb1 Rc2 31.e5 dxe5 32.Bd5+ Kf8 33.Rb3 Bc5 34.Bxc5+ Qxc5+ 35.Kh1 Qd4 36.Rb8+ Ke7
37.Rb7+ Kd8 38.Bg2 Qh4+ 39.Kg1 Rxg2+  0-1

[Event "JUG Cup"]
[Site "Ulcinj"]
[Date "1998.??.??"]
[Round "3"]
[White "Kosanovic, Goran A"]
[Black "Prelevic, Dusan"]
[Result "1-0"]
[WhiteElo "2445"]
[BlackElo "2310"]

1.e4 c5 2.Nf3 e6 3.Nc3 Nc6 4.d4 cxd4 5.Nxd4 Qc7 6.Be2 a6 7.f4 d6 8.Be3 Be7
9.Qd2 Nf6 10.O-O-O O-O 11.g4 Nxd4 12.Qxd4 Nxg4 13.Bxg4 e5 14.Qd3 Bxg4 15.Nd5 Qd8
16.Rdg1 f5 17.Bb6 Qd7 18.h3 Bh5 19.exf5 Bh4 20.Rg4 Bxg4 21.hxg4 Bd8 22.fxe5 Bg5+
23.Kb1 Qa4 24.f6 h6 25.Ne7+ Kh8 26.fxg7+ Kxg7 27.Qg6+ Kh8 28.Rxh6+  1-0

[Event "JUG Cup"]
[Site "Ulcinj"]
[Date "1998.??.??"]
[Round "7"]
[White "Kovacevic, Aleksandar"]
[Black "Arsovic, Zoran"]
[Result "1/2-1/2"]
[WhiteElo "2515"]
[BlackElo "2430"]

1.e4 c5 2.Nf3 e6 3.d4 cxd4 4.Nxd4 Nc6 5.Nc3 d6 6.Bc4 Nf6 7.Be3 a6 8.Bb3 Qc7
9.f4 Be7 10.Qf3 O-O 11.O-O-O b5 12.e5 Nxd4 13.Bxd4 dxe5 14.Bxe5 Qb7 15.Qg3 b4
16.Na4 Qc6 17.Rd4 Bb7 18.Rc4 Qb5 19.Rc7 Bd8 20.c4 bxc3 21.Nxc3 Qb6 22.Rd7 g6
23.Bd4 Nxd7 24.Bxb6 Nxb6 25.h4 Rc8 26.h5 Be4 27.Qe3 Bxg2 28.Rh2 Nd5 29.Bxd5 Bxd5
30.Kb1 Bf6 31.hxg6 hxg6 32.Nxd5 exd5 33.a3 Rfe8 34.Qf3 Re4 35.f5 g5 36.Rh6 Rc6
37.Qg2 g4 38.Qd2 Rd4 39.Qe3 Re4 40.Qd2 Rd4 41.Qh2 Rdc4 42.Qb8+ Rc8 43.Qb6 Bd4
44.Rg6+ Kh8 45.Rh6+ Kg8 46.Rg6+ Kh8 47.Rh6+  1/2-1/2

[Event "Vantaa op"]
[Site "Vantaa"]
[Date "1998.??.??"]
[Round "3"]
[White "Pitkanen, Sami Pekka"]
[Black "Helin, Tapio"]
[Result "1-0"]
[WhiteElo "2175"]
[BlackElo "2050"]

1.e4 c5 2.Nf3 e6 3.d4 cxd4 4.Nxd4 Nc6 5.Nc3 Qc7 6.g3 a6 7.Bg2 Nf6 8.O-O Nxd4
9.Qxd4 Bc5 10.Bf4 d6 11.Qd2 Ng4 12.Rad1 Ne5 13.Na4 f6 14.Nxc5 dxc5 15.Bxe5 fxe5
16.f4 exf4 17.Rxf4 Bd7 18.e5 g6 19.Rf6 Rd8 20.Qh6 Bc8 21.Rdf1 Qe7 22.Rxg6 hxg6
23.Qxh8+ Kd7 24.Rd1+ Kc7 25.Qxd8+ Qxd8 26.Rxd8 Kxd8 27.Be4 g5 28.Kf2  1-0

[Event "Vantaa We EtVaS"]
[Site "Vantaa"]
[Date "1998.??.??"]
[Round "3"]
[White "Pulkkinen, Kari"]
[Black "Helin, Tapio"]
[Result "1-0"]
[WhiteElo "2340"]
[BlackElo "2050"]

1.e4 c5 2.Nf3 e6 3.d4 cxd4 4.Nxd4 Nc6 5.Nc3 Qc7 6.Be2 a6 7.Be3 Nf6 8.O-O Bb4
9.Nxc6 bxc6 10.f4 d5 11.e5 Nd7 12.Na4 Be7 13.c4 Qa5 14.a3 Nc5 15.Nc3 Qc7
16.b4 Nd7 17.Rc1 Qb8 18.Bf3 Nb6 19.cxd5 cxd5 20.Bc5 Bd7 21.Qd4 Nc8 22.f5 Bxc5
23.bxc5 Ne7 24.fxe6 fxe6 25.Qf4 Nc6 26.Bxd5 exd5 27.Qf7+ Kd8 28.e6 Be8 29.Qxg7 Qe5
30.Qxe5 Nxe5 31.Nxd5 Nc6 32.Nb6 Rb8 33.Rcd1+ Kc7 34.Rf7+  1-0

[Event "Vienna op 13th"]
[Site "Vienna"]
[Date "1998.??.??"]
[Round "?"]
[White "Wittmann, Walter"]
[Black "Waller, Helmut"]
[Result "1-0"]
[WhiteElo "2375"]
[BlackElo "2190"]

1.e4 c5 2.Nf3 Nc6 3.d4 cxd4 4.Nxd4 e6 5.Nc3 Qc7 6.g3 a6 7.Bg2 Nf6 8.O-O Be7
9.Re1 Nxd4 10.Qxd4 Bc5 11.Qd1 d6 12.Be3 e5 13.Nd5 Nxd5  1-0

[Event "Villa Ballester op"]
[Site "Villa Ballester"]
[Date "1998.??.??"]
[Round "4"]
[White "Caputo, Juan"]
[Black "Caramia, Javier"]
[Result "1/2-1/2"]
[WhiteElo "2310"]
[BlackElo "2195"]

1.e4 c5 2.Nf3 e6 3.d4 cxd4 4.Nxd4 Nc6 5.Nc3 Qc7 6.Be2 a6 7.O-O Nf6 8.Kh1 Nxd4
9.Qxd4 Bc5 10.Qd3 O-O 11.Bg5 Be7 12.f4 d6 13.Qh3 b5 14.a3 Bb7 15.Bd3 Ne8
16.e5 g6 17.Bh6 Ng7 18.Rae1 Rfe8 19.Ne4 Bxe4 20.Bxe4 Rab8 21.Bd3 Nf5 22.Bxf5 exf5
23.e6 fxe6 24.Rxe6 Qc4 25.Ree1 Bf6 26.c3 Re2 27.Rxe2 Qxe2 28.Qf3 Qxf3 29.Rxf3 Re8
30.Kg1 Re2 31.Rf2 Re1+ 32.Rf1 Re2 33.Rf2 Re1+ 34.Rf1  1/2-1/2

[Event "Villa Ballester op"]
[Site "Villa Ballester"]
[Date "1998.??.??"]
[Round "6"]
[White "Garbarino, Rodolfo"]
[Black "Escandell, Juan Carlos"]
[Result "1-0"]
[WhiteElo "2395"]
[BlackElo "2265"]

1.e4 c5 2.Nf3 e6 3.Nc3 Nc6 4.d4 cxd4 5.Nxd4 Qc7 6.g3 a6 7.Bg2 Nf6 8.O-O d6
9.Re1 Be7 10.Nxc6 bxc6 11.e5 dxe5 12.Rxe5 O-O 13.Bf4 Qd7 14.Qe2 Bd6 15.Rd1 Nd5
16.Re4 Bxf4 17.Nxd5 cxd5 18.Rxf4 Bb7 19.c4 Rfe8 20.Qd3 Rab8 21.b3 Rbd8 22.Rd4 g6
23.cxd5 exd5 24.Bxd5 Bxd5 25.Rxd5 Qxd5 26.Qxd5 Rxd5 27.Rxd5 Re6 28.f4 h5
29.Kf2 Kg7 30.b4 Re4 31.a3 Re6 32.Kf3 f5 33.Rd7+ Kf6 34.h4 Rc6 35.Ke3 Ke6
36.Rd3 Rc4 37.Kd2 Rc6 38.Rc3 Rd6+ 39.Kc2 Rb6 40.Rc5 Kd7 41.Kb3 Re6 42.Rc3 Rd6
43.a4 Rd1 44.b5 a5 45.Kc4 Kc7 46.Kc5 Rb1 47.Kd5+ Kb7 48.Ke6 Ra1 49.Kf6 Rxa4
50.Kxg6 Rb4 51.Kxh5 a4 52.Rc1 Rb3 53.g4 fxg4 54.Kxg4 a3 55.h5 a2 56.Ra1 Rb2
57.h6 Kb6 58.h7 Rh2 59.Rxa2 Rxh7 60.Rb2 Rh1 61.f5  1-0

[Event "Wattens op 13th"]
[Site "Wattens"]
[Date "1998.??.??"]
[Round "1"]
[White "Steck, Werner"]
[Black "Schmittdiel, Eckhard"]
[Result "0-1"]
[WhiteElo "1780"]
[BlackElo "2470"]

1.e4 c5 2.Nc3 e6 3.Nf3 Nc6 4.d4 cxd4 5.Nxd4 Nf6 6.Bg5 Bb4 7.Nxc6 bxc6 8.Bd2 d5
9.e5 Bxc3 10.Bxc3 Ne4 11.Qd3 Qb6 12.Qe3 Qxe3+ 13.fxe3 Nxc3 14.bxc3 Rb8 15.Bd3 c5
16.Kf2 c4 17.Be2 Bd7 18.Rhb1 Ke7 19.e4 dxe4 20.Bxc4 Rxb1 21.Rxb1 Rc8 22.Bb3 Rxc3
23.Re1 Bc6 24.Re3 Rc5 25.Rg3 g6 26.c4 Rxe5  0-1

[Event "Wattens op 13th"]
[Site "Wattens"]
[Date "1998.??.??"]
[Round "1"]
[White "Martic, Mato"]
[Black "Teske, Henrik"]
[Result "0-1"]
[WhiteElo "1825"]
[BlackElo "2510"]

1.e4 c5 2.Nf3 Nc6 3.d4 cxd4 4.Nxd4 e6 5.Nc3 Qc7 6.Be2 a6 7.O-O Nf6 8.a3 Bd6
9.h3 Nxd4 10.Qxd4 b5 11.Be3 Bh2+ 12.Kh1 Be5 13.Qd3 Bxc3 14.bxc3 Bb7 15.Bf3 O-O
16.Rfe1 d5 17.exd5 Nxd5 18.Bd4 Rfd8 19.Bxd5 Bxd5 20.Qe3 Qe7 21.Qg3 f6 22.f4 Rac8
23.Re3 Kh8 24.Qh4 Rc4 25.Rae1 Qf8 26.Kh2 h6 27.g4 Qd6 28.Qg3 Kg8 29.h4 Kf7
30.Rf1 Qxa3 31.g5 Qb2 32.gxf6 g5 33.Re2 Qa3 34.fxg5 hxg5 35.Qxg5 Rg8 36.Qh5+ Kf8
37.f7 Qd6+ 38.Re5 Rg2+ 39.Kh3 Rxd4 40.Qh8+  0-1

[Event "GER-ch int Seniors"]
[Site "Weilburg"]
[Date "1998.??.??"]
[Round "3"]
[White "Hobusch, Werner"]
[Black "Kuehn, Peter"]
[Result "1-0"]
[WhiteElo "2135"]
[BlackElo "2295"]

1.e4 c5 2.Nf3 e6 3.d4 cxd4 4.Nxd4 Nc6 5.Nc3 a6 6.Bc4 Nge7 7.O-O Nxd4 8.Qxd4 Nc6
9.Qe3 Be7 10.f4 Qc7 11.Kh1 Na5 12.Bd3 d6 13.Qe2 h5 14.Be3 Bd7 15.Qf2 Nc4
16.Bd4 Nxb2 17.Bxg7 Nxd3 18.cxd3 Rh7 19.Bd4 Qa5 20.Qb2 b5 21.Ne2 Qd8 22.Qd2 h4
23.h3 Bc6 24.Rfc1 Bb7 25.Qe3 Rc8 26.Bb6 Rxc1+ 27.Rxc1 Qa8 28.Nd4 Bd8 29.Nf3 d5
30.Bxd8 Qxd8 31.Ng5 Rg7 32.Qd4 Rg8 33.Qe5 Rxg5 34.fxg5 dxe4 35.dxe4 Kf8 36.Rc7 Qd1+
37.Kh2  1-0